LEADER 01300nam a2200289 i 4500 001 000000050449 003 CaOOAMICUS 005 20250908152837.0 008 050303s1996 it u000 u mul u 020 $a88-02-05009-0 040 $aSeMil$bita 100 0 $aAdam : Bremensis,$d.$0(OLS)http://semarc/name/25001 245 10$aStoria degli arcivescovi della chiesa di Amburgo /$cdi Adamo di Brema ; a cura di Ileana Pagani. 264 1$aTorino :$bUnione Tipografico-Editrice Torinese,$c1996. 300 $a550 p., [5] c. di tav. :$bill. ;$c24 cm. 490 1 $aClassici latini 546 $aTesto latino a fronte 650 4$aAmburgo (Diocesi) - Arcivescovi - Storia.$0(OLS)http://semarc/subject/55464 700 1 $aPagani, Ileana.$0(OLS)http://semarc/name/25002 830 0$aClassici latini .$0(OLS)http://semarc/title/101 850 $aSeMil 852 $aSeMil$W1$xVenegono$y1$m1Y VI 7$j261572$B16604$CSeMilBibl$Z2$F16604 $81 961 $aAcquisto: UTET (Agente) 996 $6020$a88-02-05009-0$9(OLS)http://semarc/number/24239 996 $6245$aStoria degli arcivescovi della chiesa di Amburgo$9(OLS)http://semarc/title/77025 996 $6264$aTorino :$bUnione Tipografico-Editrice Torinese$9(OLS)http://semarc/publisher/29628 LEADER 01188nam a2200265 i 4500 001 000000065407 003 CaOOAMICUS 005 20090806000000.0 008 090806s1988 xx u000 u mul u 013 $a36579 020 $a88-384-1400-9 040 $aSeMil$bita 100 1 $aCalzecchi Onesti, Rosa <1916-2011>.$0(OLS)http://semarc/name/90438 245 10$aDichiarazione sull'educazione cristiana Gravissimum educationis /$cRosa Calzecchi Onesti. 260 $aCasale Monferrato (AL) :$bPiemme,$c1988. 300 $a70 p. ;$c21 cm. 490 0 $aConcilio Vaticano 2 ;$v9 650 4$aConcilio Vaticano II <1962-1965> - Dichiarazioni . Gravissimum Educationis.$0(OLS)http://semarc/subject/8895 830 0$aConcilio Vaticano 2 ;$v9.$0(OLS)http://semarc/title/13688 850 $aSeMil 852 $aSeMil$W1$xVenegono$y1$m2A VI 219$j31560$B31560$CSeMilBibl$Z2$F31563 $81 961 $aOmaggio: Aceti don Guido 996 $6020$a88-384-1400-9$9(OLS)http://semarc/number/42723 996 $6245$aDichiarazione sull'educazione cristiana Gravissimum educationis$9(OLS)http://semarc/title/103783 996 $6260$aCasale Monferrato (AL) :$bPiemme$9(OLS)http://semarc/publisher/30052